Biblioteca

La gran controversia (Registro nro. 45192)

Detalles MARC
000 -LÍDER
Campo fijo de descripción fija 012480000a22002770004500
001 - NÚMERO DE CONTROL
Campo de control 18786
003 - IDENTIFICADOR DEL NÚMERO DE CONTROL
Campo de control CO-MdFUSB
005 - FECHA Y HORA DE LA ULTIMA TRANSACCIÓN
control field 20190202100416.0
008 - ELEMENTOS DE LONGITUD FIJA -- INFORMACIÓN GENERAL
Campo fijo de descripción fija -- Información general 160805t2006 sp ||||| |||| 00| 0 spa d
020 ## - NÚMERO INTERNACIONAL NORMALIZADO PARA LIBROS
Número Internacional Normalizado del libro 8483104903
040 ## - FUENTE DE CATALOGACIÓN
Agencia de catalogación original CO-MdFUSB
Idioma de catalogación Español
Agencia que realiza la transcripción CO-MdFUSB
Agencia que realiza la modificación CO-MdFUSB
041 0# - CÓDIGO DE IDIOMA
Código de idioma para texto/pista de sonido o título separado spa
082 ## - NÚMERO DE CLASIFICACIÓN DECIMAL DEWEY
Número de la edición del Dewey 24
Número de clasificación G 270.38
Clave de autor-Numero de item M612g
100 1# - ASIENTO PRINCIPAL--NOMBRE PERSONAL
Nombre personal Meyer, Jean
Término relacionador autor
245 10 - TÍTULO
Título del Material La gran controversia
Parte restante del título - Subtitulo : las iglesias católicas y ortodoxa de los orígenes a nuestros días
Mención de responsabilidad, etc. / Jean Meyer
264 ## - PRODUCCIÓN, PUBLICACIÓN, DISTRIBUCIÓN, MANUFACTURA, Y COPYRIGHT
Lugar de producción, publicación, distribución, manufactura Barcelona
Nombre del productor, publicador, distribuidor : Tusquets Editores,
Fecha de producción, publicación, distribución, manufactura, o copyright 2006
300 ## - DESCRIPCIÓN FÍSICA
Extensión 468 páginas
336 ## - TIPO DE CONTENIDO
Fuente rdacontent
Término de tipo de contenido
Código de tipo de contenido
337 ## - TIPO DE MEDIO
Fuente rdamedia
Nombre del tipo de medio
Código del tipo de medio
338 ## - TIPO DE SOPORTE
Fuente rdacarrier
Nombre del tipo de soporte
Código Tipo de soporte
490 ## - MENCIÓN DE SERIE
Mención de serie Tiempo de Memoria
501 ## - NOTA DE “CON”
Nota de Contenido rústico
505 00 - NOTA DE CONTENIDO
Nota de contenido con formato preestablecido Agradecimientos -- Introducción -- La iglesia: una santa, católica y apostólica -- De las tensiones a la ruptura -- La imposible reunificación -- La tercera Roma -- El imperio y las iglesias ortodoxa y romana (1720 - 1905) -- Tiempos borrascosos, ilusiones renovadas, prejuicios confirmados (1910 - 1988) -- Historia inmediata: 1988-2004 -- Despedida -- Apéndices -- Cronología -- Notas -- Bibliografía.
650 #0 - ASIENTO SECUNDARIO DE MATERIA - TERMINO TEMÁTICO
Término temático o nombre geográfico como elemento de entrada Historia de la Iglesia
Subdivisión geográfica (Edad Media), ca. 600-1500
9 (RLIN) 285
942 ## - TIPO DE MATERIAL (KOHA)
Tipo de Item KOHA Libros General
Existencias
Estado de Material Estado de Perdido Forma de Clasificación Estado de Dañado No para Préstamo Colección Tomo Biblioteca de Origen Biblioteca Permanente Fecha de Adquisición Total de Préstamos Signatura Topográfica Código de Barras Última vez visto Última vez Préstado Ejemplar/Existencia Fecha de Remplazo Tipo de Material
    Dewey Decimal Classification     Colección General   Biblioteca FUSBC Biblioteca FUSBC 18/11/2014 1 G 270.38 M612g 18775 12/12/2019 20/02/2017 Ej. 1 26/01/2016 Libros General

Biblioteca FUSBC | Teléfono: (57+4) 349 88 10 Ext. 141| WhatsApp (+57) 3005338115 
E-mail: biblioteca@unisbc.edu.co | Calle 76 87-14 Robledo Palenque, Medellín, Colombia

Con tecnología Koha